Bronie z The Forest - Statystyki

Ogólne statystyki
  • Ten quiz został rozwiązany 123 razy
  • Średni wynik to 6 z 21
Statystyki odpowiedzi
Podpowiedź Odpowiedź % Poprawnych
20 Katana
87%
21 Maczeta
62%
14 Pistolet skałkowy
46%
11 Kusza
44%
8 Dzida
42%
17 Kamień
39%
16 Patyk
39%
1 Siekiera z samolotu
34%
9 Nowoczesny łuk
31%
2 Łuk własnej roboty
25%
18 Pistolet na flary
25%
3 Dynamit
24%
10 Ulepszona dzida
24%
15 Zardzewiała siekiera
24%
12 Siekiera własnej roboty
20%
4 Koktajl Mołotowa
17%
7 Maczuga
15%
19 Współczesna siekiera
15%
5 Rakieta tenisowa
13%
13 Ulepszona łatwopalna dzida
4%
6 Materiał wybuchowy
3%
Nie znaleziono quizów pasujących do podanych kryteriów
Rozkład punktacji
Procent ludzi z każdym wynikiem
Percentyl według liczby udzielonych odpowiedzi
Twoja historia wyników
Nie rozwiązałeś tego quizu